NJ Municipalities - Morris County - Statistics

General Stats
  • This quiz has been taken 515 times
    514 since last reset
  • The average score is 25 of 39
Answers on the Map
Answers color-coded by a green-red scale on the quiz's map according to % correct below.
 
Answer Stats
Answer % Correct
Morris Township
94%
Morristown
92%
Chatham Borough
80%
Dover
78%
Jefferson Township
78%
Mendham Borough
77%
Morris Plains
76%
Rockaway Borough
75%
Denville Township
73%
Randolph Township
73%
Boonton Town
72%
Parsippany-Troy Hills Township
72%
Madison
71%
Chester Borough
69%
Mount Olive Township
68%
Chatham Township
66%
Hanover Township
65%
East Hanover Township
64%
Mendham Township
64%
Chester Township
63%
Lincoln Park
63%
Pequannock Township
62%
Rockaway Township
62%
Butler
60%
Montville
60%
Roxbury Township
59%
Boonton Township
58%
Florham Park
57%
Washington Township
57%
Mount Arlington
55%
Kinnelon
54%
Wharton
54%
Long Hill Township
52%
Mountain Lakes
52%
Mine Hill Township
51%
Victory Gardens
51%
Netcong
50%
Harding Township
48%
Riverdale
43%
No matching quizzes found
Score Distribution
Percent of People with Each Score
Percentile by Number Answered
Your Score History
You have not taken this quiz since the last reset